Reflexiones
Spremljeno u:
| Format: | Tekst |
|---|---|
| Oznake: |
Dodaj oznaku
Bez oznaka, Budi prvi tko označuje ovaj zapis!
|
MARC
| LEADER | 00000 a a2200000 04500 | ||
|---|---|---|---|
| 001 | 17545 | ||
| 003 | |||
| 040 | |||
| 245 | |a Reflexiones | ||
| 773 | |g número 73; páginas 673 | ||
| 999 | |c 24994 |d 24994 | ||
